[Event "ROM-chT (Women)"]
[Site "Mamaia"]
[Date "2019.09.27"]
[Round "5.6"]
[White "Firaru, Roxana Maria"]
[Black "Sandu, Mihaela"]
[Result "0-1"]
[WhiteElo "1909"]
[BlackElo "2260"]
[PlyCount "119"]
[EventDate "2019.09.21"]
[EventType "team-tourn"]
[EventRounds "7"]
[EventCountry "ROU"]
[SourceTitle "EXT 2020"]
[Source "ChessBase"]
[SourceDate "2019.10.17"]
[SourceVersion "1"]
[SourceVersionDate "2019.10.17"]
[SourceQuality "1"]

1. e4 c5 2. Nf3 Nc6 3. d4 cxd4 4. Nxd4 Qb6 5. Nb3 Nf6 6. Nc3 e6 7. Be3 Qc7 8. Bd3 a6 9. Na4 Be7 10. f4 b5 11. Nb6 Rb8 12. Nxc8 Qxc8 13. a3 d6 14. Qf3 Nd7 15. 0-0 0-0 16. Rad1 Bf6 17. c3 e5 18. f5 Qd8 19. Qg4 Qe7 20. Rf3 Rfd8 21. Rg3 Kh8 22. Rh3 Nf8 23. Rf1 Qd7 24. Nd2 Ne7 25. Nf3 d5 26. Bg5 Ng8 27. Be3 Ne7 28. Bg5 Ng8 29. Be3 h6 30. Kh1 Nh7 31. Rg3 Rbc8 32. Nh4 dxe4 33. Bxe4 Rc4 34. Bb6 Ng5 35. Re3 Nxe4 36. Rxe4 Qd3 37. Rfe1 Rxe4 38. Qxe4 Qxe4 39. Rxe4 Rd1+ 40. Bg1 Ne7 41. Nf3 Nc6 42. a4 Rb1 43. axb5 axb5 44. Re2 e4 45. Ne1 Na5 46. Rxe4 Rxb2 47. Nd3 Rd2 48. Ne5 Kg8 49. h3 h5 50. Bd4 Nb3 51. Nc6 Nxd4 52. cxd4 Kh7 53. h4 Rf2 54. Ne5 Rxf5 55. Nxf7 b4 56. d5 b3 57. Rb4 b2 58. Kg1 Rxd5 59. Ng5+ Kg6 60. Kf1 0-1

[Event "Miercurea Ciuc Bancpost op 20th"]
[Site "Miercurea Ciuc"]
[Date "2017.08.23"]
[Round "7"]
[White "Firaru, Roxana Maria"]
[Black "Voda, Costel"]
[Result "1/2-1/2"]
[WhiteElo "1922"]
[BlackElo "1946"]
[PlyCount "38"]
[EventDate "2017.08.17"]
[EventType "swiss"]
[EventRounds "9"]
[EventCountry "ROU"]
[SourceTitle "EXT 2020"]
[Source "ChessBase"]
[SourceDate "2019.10.17"]
[SourceVersion "1"]
[SourceVersionDate "2019.10.17"]
[SourceQuality "1"]

1. e4 Nc6 2. Nf3 d6 3. d4 Bg4 4. Bc4 e6 5. c3 Nf6 6. Nbd2 Be7 7. Bb3 e5 8. d5 Nb8 9. h3 Bh5 10. 0-0 0-0 11. Re1 h6 12. Nf1 g5 13. g4 Bg6 14. Ng3 Nbd7 15. Nf5 Bxf5 16. exf5 Kg7 17. Nh2 Rh8 18. Nf1 Qg8 19. Ng3 Kf8 1/2-1/2

[Event "Miercurea Ciuc Bancpost op 20th"]
[Site "Miercurea Ciuc"]
[Date "2017.08.21"]
[Round "5"]
[White "Firaru, Roxana Maria"]
[Black "Szebeni Janosi, Pal"]
[Result "1-0"]
[WhiteElo "1922"]
[BlackElo "1696"]
[PlyCount "87"]
[EventDate "2017.08.17"]
[EventType "swiss"]
[EventRounds "9"]
[EventCountry "ROU"]
[SourceTitle "EXT 2020"]
[Source "ChessBase"]
[SourceDate "2019.10.17"]
[SourceVersion "1"]
[SourceVersionDate "2019.10.17"]
[SourceQuality "1"]

1. e4 e5 2. Nf3 Nc6 3. Bc4 Nf6 4. d3 Be7 5. c3 d6 6. Bb3 Bg4 7. Nbd2 0-0 8. Nf1 d5 9. Qe2 d4 10. h3 Bh5 11. Ng3 Bg6 12. Nh4 Kh8 13. Nhf5 Nd7 14. h4 f6 15. Qg4 Bxf5 16. Nxf5 g6 17. Bh6 Rg8 18. Bxg8 Kxg8 19. Nxe7+ Qxe7 20. 0-0 Nc5 21. Qg3 Ne6 22. Bd2 Rd8 23. c4 a5 24. f4 exf4 25. Bxf4 Nxf4 26. Rxf4 Ne5 27. Raf1 Rf8 28. a3 b6 29. h5 g5 30. Rf5 h6 31. R1f2 Kg7 32. Kf1 Rf7 33. Ke2 Qd6 34. Rf1 Qd7 35. Rxe5 fxe5 36. Qxe5+ Kg8 37. Rxf7 Kxf7 38. Qd5+ Ke7 39. Kf3 c6 40. Qxd7+ Kxd7 41. e5 Ke6 42. Ke4 c5 43. a4 g4 44. g3 1-0

[Event "Miercurea Ciuc Bancpost op 20th"]
[Site "Miercurea Ciuc"]
[Date "2017.08.18"]
[Round "2"]
[White "Firaru, Roxana Maria"]
[Black "Muller, Wilhelm"]
[Result "1-0"]
[WhiteElo "1922"]
[BlackElo "1947"]
[PlyCount "109"]
[EventDate "2017.08.17"]
[EventType "swiss"]
[EventRounds "9"]
[EventCountry "ROU"]
[SourceTitle "EXT 2020"]
[Source "ChessBase"]
[SourceDate "2019.10.17"]
[SourceVersion "1"]
[SourceVersionDate "2019.10.17"]
[SourceQuality "1"]

1. e4 g6 2. d4 Bg7 3. Nc3 d6 4. f4 Nd7 5. Nf3 e6 6. Bc4 Ne7 7. 0-0 0-0 8. Be3 c6 9. Bb3 d5 10. e5 b5 11. Ne2 Nb6 12. Bf2 a5 13. c3 Ba6 14. h3 Qc7 15. Bc2 Rfb8 16. Re1 Bf8 17. Nh2 Nec8 18. Bh4 Be7 19. Bxe7 Qxe7 20. Ng3 Qh4 21. Qf3 Ne7 22. Ng4 Nd7 23. Kh2 Kh8 24. b4 axb4 25. cxb4 Bc8 26. Rec1 Ra6 27. Bb3 Nf5 28. Ne2 Qe7 29. Qc3 h5 30. Nf2 Bb7 31. g4 Ng7 32. Rg1 Nb6 33. Qd2 Bc8 34. f5 exf5 35. Qh6+ Kg8 36. gxh5 Qh4 37. Qf4 Qxh5 38. Ng3 Qh7 39. e6 Rb7 40. exf7+ Rxf7 41. Rae1 Raa7 42. Re2 Ne6 43. Qd6 Rae7 44. Rge1 f4 45. Ngh1 f3 46. Rxe6 Rxe6 47. Rxe6 Bxe6 48. Qxe6 Qh6 49. Qxc6 Qf4+ 50. Ng3 Qxd4 51. Qxg6+ Rg7 52. Qe8+ Kh7 53. Qh5+ Kg8 54. Qe8+ Kh7 55. Bc2+ 1-0

[Event "ROM-ch (Women)"]
[Site "Calimanesti Caciulata"]
[Date "2017.04.01"]
[Round "8"]
[White "Firaru, Roxana Maria"]
[Black "Porcoleanu, Doina Olga"]
[Result "1/2-1/2"]
[WhiteElo "1835"]
[BlackElo "1584"]
[PlyCount "108"]
[EventDate "2017.03.25"]
[EventType "swiss"]
[EventRounds "9"]
[EventCountry "ROU"]
[SourceTitle "CBM 177 Extra"]
[Source "ChessBase"]
[SourceDate "2017.04.27"]
[SourceVersion "1"]
[SourceVersionDate "2017.04.27"]
[SourceQuality "1"]

1. e4 c5 2. Nf3 Nc6 3. d4 cxd4 4. Nxd4 g6 5. Nc3 Bg7 6. Be3 Nf6 7. f3 0-0 8. Qd2 d5 9. Nxc6 bxc6 10. e5 Ne8 11. f4 Nc7 12. Be2 Ba6 13. 0-0 Bxe2 14. Nxe2 Qc8 15. Bc5 Re8 16. Qe3 Qb7 17. Nd4 Na6 18. Nb3 Nxc5 19. Qxc5 Qb6 20. Rae1 e6 21. Kh1 Bf8 22. Qd4 c5 23. Qf2 c4 24. Qxb6 axb6 25. Nc1 b5 26. g4 Bc5 27. a3 Kg7 28. c3 d4 29. cxd4 Bxd4 30. Re2 Red8 31. Na2 Bc5 32. Nc3 b4 33. Ne4 Be7 34. axb4 Bxb4 35. Rc1 Rac8 36. Kg2 Rd4 37. Kf3 Rcd8 38. Rcc2 Bd2 39. Nxd2 Rxd2 40. Rexd2 Rxd2 41. Rxc4 Rxb2 42. Kg3 Rb3+ 43. Kg2 Rb2+ 44. Kg3 Rb3+ 45. Kh4 Re3 46. g5 h6 47. gxh6+ Kxh6 48. Kg4 Re1 49. Rc3 Kg7 50. h4 Rg1+ 51. Kf3 Rh1 52. Kg3 Rg1+ 53. Kf3 Rh1 54. Kg3 Rg1+ 1/2-1/2

[Event "ROM-ch (Women)"]
[Site "Calimanesti Caciulata"]
[Date "2017.03.28"]
[Round "4"]
[White "Ionescu, Irina"]
[Black "Firaru, Roxana Maria"]
[Result "1-0"]
[WhiteElo "2253"]
[BlackElo "1835"]
[PlyCount "71"]
[EventDate "2017.03.25"]
[EventType "swiss"]
[EventRounds "9"]
[EventCountry "ROU"]
[SourceTitle "CBM 177 Extra"]
[Source "ChessBase"]
[SourceDate "2017.04.27"]
[SourceVersion "1"]
[SourceVersionDate "2017.04.27"]
[SourceQuality "1"]

1. e4 e5 2. Nf3 Nc6 3. Bc4 Bc5 4. c3 Nf6 5. d3 0-0 6. 0-0 a6 7. Bb3 d5 8. exd5 Nxd5 9. Re1 Kh8 10. Nxe5 Nxe5 11. Rxe5 Bxf2+ 12. Kxf2 Qf6+ 13. Qf3 Qxe5 14. Bxd5 c6 15. Bb3 Qxh2 16. Bf4 Qh1 17. Qd1 Qh4+ 18. Bg3 Qg5 19. Nd2 f5 20. Nf3 Qg6 21. Qd2 Be6 22. Bc2 Rae8 23. Bd6 Rf6 24. Be5 Rff8 25. Rh1 Bd5 26. d4 Be4 27. Ng5 Kg8 28. Bb3+ Bd5 29. Bxd5+ cxd5 30. Rxh7 Re7 31. Qf4 Rxe5 32. dxe5 Qb6+ 33. Kg3 Re8 34. Qh4 Qe3+ 35. Nf3 Re6 36. Qh5 1-0

[Event "ROM-ch (Women)"]
[Site "Olanesti"]
[Date "2016.04.06"]
[Round "5"]
[White "Pancu, Aureliana Eugenia"]
[Black "Firaru, Roxana Maria"]
[Result "0-1"]
[WhiteElo "1881"]
[BlackElo "1754"]
[PlyCount "94"]
[EventDate "2016.04.02"]
[EventType "swiss"]
[EventRounds "9"]
[EventCountry "ROU"]
[SourceTitle "CBM 171 Extra"]
[Source "ChessBase"]
[SourceDate "2016.04.26"]
[SourceVersion "1"]
[SourceVersionDate "2016.04.26"]
[SourceQuality "1"]

1. Nf3 d5 2. d4 Nf6 3. c4 e6 4. g3 c5 5. cxd5 Nxd5 6. Bg2 Nc6 7. 0-0 Be7 8. e4 Nf6 9. e5 Nd5 10. dxc5 Bxc5 11. Bg5 Qb6 12. Nc3 Nxc3 13. bxc3 h6 14. Bd2 0-0 15. Rb1 Qc7 16. Qe2 b6 17. Be3 Bxe3 18. Qxe3 Bb7 19. Nd4 Nxd4 20. cxd4 Bxg2 21. Kxg2 Qc4 22. Rb2 Rfd8 23. Rd2 Rd5 24. Rd3 Qxa2 25. Rc1 Rdd8 26. Rc7 Rac8 27. Rxc8 Rxc8 28. d5 exd5 29. e6 d4 30. exf7+ Qxf7 31. Qxd4 Re8 32. Rf3 Qb7 33. Qc4+ Kh8 34. Qf4 a5 35. Kh3 Qd7+ 36. Kg2 b5 37. Rc3 Qd5+ 38. Kh3 Qe5 39. Re3 Qh5+ 40. Kg2 Rxe3 41. Qf8+ Kh7 42. fxe3 b4 43. Qf4 b3 44. Qe4+ Qg6 45. Qe5 Qc2+ 46. Kh3 b2 47. e4 Qc8+ 0-1

[Event "ROM-ch (Women)"]
[Site "Olanesti"]
[Date "2016.04.05"]
[Round "4"]
[White "Dragomirescu, Angela"]
[Black "Firaru, Roxana Maria"]
[Result "1-0"]
[WhiteElo "2192"]
[BlackElo "1754"]
[PlyCount "81"]
[EventDate "2016.04.02"]
[EventType "swiss"]
[EventRounds "9"]
[EventCountry "ROU"]
[SourceTitle "CBM 171 Extra"]
[Source "ChessBase"]
[SourceDate "2016.04.26"]
[SourceVersion "1"]
[SourceVersionDate "2016.04.26"]
[SourceQuality "1"]

1. d4 Nf6 2. c4 e5 3. d5 Bb4+ 4. Nd2 0-0 5. a3 Bxd2+ 6. Qxd2 d6 7. Qc2 Nbd7 8. g3 a5 9. Bg2 Nc5 10. b3 Nfd7 11. Rb1 a4 12. b4 Nb3 13. Bb2 f5 14. Nf3 Nf6 15. 0-0 Nh5 16. Nd2 Nxd2 17. Qxd2 f4 18. c5 Qg5 19. Rbc1 Rf6 20. cxd6 cxd6 21. Rc7 Qf5 22. Qc2 Qxc2 23. Rxc2 Bf5 24. Rc4 Rff8 25. Bf3 Bg6 26. Rfc1 fxg3 27. hxg3 Nf6 28. Bg2 Bh5 29. R1c2 Bg6 30. Rc1 Bh5 31. e4 Ng4 32. R1c2 Rf7 33. Rc7 Raf8 34. Rxf7 Rxf7 35. Bc1 Nf6 36. f3 Bg6 37. Bh3 h6 38. Be6 Nh5 39. Kg2 Kh7 40. Bxf7 Bxf7 41. Rc7 1-0

[Event "ROM-chT (Women)"]
[Site "Mamaia"]
[Date "2015.10.08"]
[Round "6.3"]
[White "Ciocan, Maria Alexandra"]
[Black "Firaru, Roxana Maria"]
[Result "0-1"]
[WhiteElo "1678"]
[BlackElo "1700"]
[PlyCount "186"]
[EventDate "2015.10.03"]
[EventType "team-tourn"]
[EventRounds "9"]
[EventCountry "ROU"]
[SourceTitle "CBM 168 Extra"]
[Source "ChessBase"]
[SourceDate "2015.10.29"]
[SourceVersion "1"]
[SourceVersionDate "2015.10.29"]
[SourceQuality "1"]
[WhiteTeam "Lugoj CSM (W)"]
[BlackTeam "Arad University (W)"]
[WhiteTeamCountry "ROU"]
[BlackTeamCountry "ROU"]

1. e4 e5 2. Nf3 Nc6 3. d4 exd4 4. Nxd4 Nf6 5. Nxc6 bxc6 6. e5 Qe7 7. Qe2 Nd5 8. c4 Nb6 9. Nc3 Qe6 10. f4 Ba6 11. Qe4 Bb4 12. Bd2 Bxc3 13. Bxc3 f5 14. Qc2 Bxc4 15. Bxc4 Nxc4 16. b3 Ne3 17. Qd2 Nd5 18. 0-0 0-0 19. Qd4 Rfe8 20. Bb2 Qh6 21. Rac1 Re6 22. Rc4 Qh4 23. Rf3 Qe1+ 24. Rf1 Qe3+ 25. Kh1 Qxd4 26. Bxd4 Rg6 27. Rf3 Rg4 28. Bb2 Kf7 29. Ba3 Ke6 30. h3 Rh4 31. Bb2 Rg8 32. Kh2 Nb6 33. Rc5 Nd5 34. g3 Rh6 35. Ra5 Ra8 36. Bd4 a6 37. Kg2 Kf7 38. Rc5 Rg6 39. Kf2 Rb8 40. Ra5 Ra8 41. Rc5 Rb8 42. Ra5 Ra8 43. Rc5 h5 44. h4 Re6 45. Bb2 Ree8 46. Rd3 Ke6 47. Rd4 Reb8 48. Ra5 Rb5 49. Rda4 Nb6 50. Ra3 Rxa5 51. Rxa5 Nd5 52. Ke2 g6 53. Rc5 Rb8 54. Ra5 Ra8 55. Rc5 Rb8 56. Ra5 Ra8 57. Rc5 Nb4 58. a3 Nd5 59. b4 Nb6 60. Bd4 Nc8 61. Kd3 Na7 62. Bb2 Nb5 63. a4 Na7 64. Ra5 Nc8 65. Rc5 Rb8 66. Bc3 Nb6 67. Ra5 Ra8 68. Bd4 Nd5 69. b5 cxb5 70. axb5 c6 71. b6 Rb8 72. Kd2 Nxb6 73. Rxa6 Nd5 74. Ra3 Rb4 75. Kd3 Rb5 76. Ke2 Rb4 77. Kd3 Nc7 78. Bc5 Rb2 79. Bf8 Nb5 80. Ra8 Rb3+ 81. Kc4 Rc3+ 82. Kb4 Rxg3 83. Bh6 Nc7 84. Rc8 Nd5+ 85. Kc5 Rc3+ 86. Kd4 Ra3 87. Re8+ Kf7 88. Rf8+ Ke7 89. Rh8 Ra4+ 90. Kc5 Nxf4 91. Bf8+ Kf7 92. Kd6 Ne6 93. Bh6 Rd4# 0-1

[Event "ROM-ch U20 Girls"]
[Site "Calimanesti"]
[Date "2015.04.04"]
[Round "8"]
[White "Firaru, Roxana Maria"]
[Black "Serbanescu, Diana Maria"]
[Result "1/2-1/2"]
[WhiteElo "1750"]
[BlackElo "2013"]
[PlyCount "110"]
[EventDate "2015.03.30"]
[EventType "tourn"]
[EventRounds "10"]
[EventCountry "ROU"]
[SourceTitle "CBM 165 Extra"]
[Source "ChessBase"]
[SourceDate "2015.04.21"]
[SourceVersion "1"]
[SourceVersionDate "2015.04.21"]
[SourceQuality "1"]

1. e4 d6 2. d4 Nf6 3. Nc3 e5 4. Nf3 Nbd7 5. Bc4 Be7 6. 0-0 0-0 7. a4 c6 8. Ba2 b6 9. Re1 a6 10. h3 Rb8 11. Qe2 b5 12. axb5 axb5 13. d5 b4 14. dxc6 bxc3 15. cxd7 cxb2 16. Bxb2 Bxd7 17. Bb3 Bb5 18. Qe3 Bc6 19. Nd2 Nh5 20. g3 Bg5 21. Qe2 g6 22. Red1 Qc7 23. Ba3 Rfd8 24. Qg4 Bxd2 25. Rxd2 Nf6 26. Qh4 Nxe4 27. Rd3 Nc5 28. Bxc5 dxc5 29. Bxf7+ Kg7 30. Bc4 Rd4 31. Rxd4 cxd4 32. Bb3 Qb7 33. Qg5 Re8 34. Kh2 h6 35. Qd2 Rf8 36. Qe2 Re8 37. Ba4 Bf3 38. Qb5 Qxb5 39. Bxb5 Rb8 40. Bc4 Ra8 41. Rxa8 Bxa8 42. Kg1 Kf6 43. h4 Bf3 44. Kf1 e4 45. Ke1 Ke5 46. Kd2 Kd6 47. Bf7 g5 48. hxg5 hxg5 49. Bb3 Kc5 50. Be6 Bh5 51. Bg8 Be8 52. Be6 Bc6 53. Bf7 Kb4 54. Be6 Ka3 55. Bf5 Bd5 1/2-1/2

[Event "ROM-ch U18 Girls"]
[Site "Calimanesti"]
[Date "2013.04.08"]
[Round "9"]
[White "Silaghi, Madalina Nemona"]
[Black "Firaru, Roxana Maria"]
[Result "1/2-1/2"]
[WhiteElo "1551"]
[BlackElo "1674"]
[PlyCount "82"]
[EventDate "2013.04.02"]
[EventType "swiss"]
[EventRounds "9"]
[EventCountry "ROU"]
[SourceTitle "CBM 153 Extra"]
[Source "ChessBase"]
[SourceDate "2013.04.22"]
[SourceVersion "1"]
[SourceVersionDate "2013.04.22"]
[SourceQuality "1"]

1. d4 d5 2. c4 c6 3. e3 Nf6 4. Nc3 Bf5 5. b3 e6 6. Bb2 dxc4 7. Bxc4 Nbd7 8. Nf3 Bb4 9. 0-0 0-0 10. h3 Rc8 11. Rc1 h6 12. a3 Ba5 13. b4 Bc7 14. Re1 Ne4 15. Bd3 Ndf6 16. Qc2 Nxc3 17. Bxf5 exf5 18. Bxc3 Ne4 19. Nd2 Qh4 20. Nxe4 fxe4 21. Qe2 f5 22. f4 exf3 23. Qxf3 Kh8 24. Rf1 f4 25. Bd2 fxe3 26. Qxe3 Rfe8 27. Qd3 Re4 28. Bc3 Rce8 29. d5 Bb6+ 30. Kh1 Re3 31. Qf5 R8e7 32. Qf8+ Kh7 33. Qf5+ g6 34. Qc8 Bd4 35. Bxd4 Qxd4 36. dxc6 bxc6 37. Qxc6 Rxa3 38. Qc5 Qd7 39. Rce1 Rxh3+ 40. gxh3 Qxh3+ 41. Kg1 Qg3+ 1/2-1/2

[Event "ROM-ch U18 Girls"]
[Site "Calimanesti"]
[Date "2013.04.07"]
[Round "8"]
[White "Visanescu, Daria Ioana"]
[Black "Firaru, Roxana Maria"]
[Result "1-0"]
[WhiteElo "2086"]
[BlackElo "1674"]
[PlyCount "57"]
[EventDate "2013.04.02"]
[EventType "swiss"]
[EventRounds "9"]
[EventCountry "ROU"]
[SourceTitle "CBM 153 Extra"]
[Source "ChessBase"]
[SourceDate "2013.04.22"]
[SourceVersion "1"]
[SourceVersionDate "2013.04.22"]
[SourceQuality "1"]

1. e4 e5 2. Nf3 Nc6 3. Bc4 Bc5 4. d3 Nf6 5. Bb3 0-0 6. c3 h6 7. Nbd2 d5 8. Qe2 Bg4 9. h3 Bh5 10. Nf1 Bg6 11. Ng3 Re8 12. 0-0 dxe4 13. dxe4 Nh5 14. Nxh5 Bxh5 15. Kh2 Qf6 16. g4 Bg6 17. g5 hxg5 18. Bxg5 Qd6 19. Rad1 Qf8 20. Nh4 Bh7 21. Rg1 Be7 22. Bh6 Bf6 23. Qf3 Kh8 24. Rg4 Qe7 25. Nf5 Bxf5 26. Qxf5 Rad8 27. Bxg7+ Bxg7 28. Qh5+ Kg8 29. Rxg7+ 1-0

[Event "ROM-ch U18 Girls"]
[Site "Calimanesti"]
[Date "2013.04.03"]
[Round "3"]
[White "Firaru, Roxana Maria"]
[Black "Gelip, Ioana"]
[Result "0-1"]
[WhiteElo "1674"]
[BlackElo "2035"]
[PlyCount "74"]
[EventDate "2013.04.02"]
[EventType "swiss"]
[EventRounds "9"]
[EventCountry "ROU"]
[SourceTitle "CBM 153 Extra"]
[Source "ChessBase"]
[SourceDate "2013.04.22"]
[SourceVersion "1"]
[SourceVersionDate "2013.04.22"]
[SourceQuality "1"]

1. e4 c5 2. Nf3 d6 3. d4 cxd4 4. Nxd4 Nf6 5. Nc3 a6 6. Be2 e5 7. Nb3 Be7 8. Be3 Be6 9. 0-0 0-0 10. Nd2 Qc7 11. Kh1 Nbd7 12. f4 exf4 13. Bxf4 Ne5 14. Nf3 Ng6 15. Qd2 Nxf4 16. Qxf4 Qb6 17. Rab1 Ng4 18. Nd4 Qxd4 19. Bxg4 Bc4 20. Rf3 Rad8 21. Rh3 Qe5 22. Qf2 g6 23. b3 Be6 24. Qe2 Rc8 25. Bxe6 fxe6 26. Qd2 Bg5 27. Qe1 Bf6 28. Nd1 Rxc2 29. Ne3 Rxa2 30. Ng4 Qg5 31. Qg3 h5 32. Ne3 Qxg3 33. Rxg3 Kg7 34. Nc4 Be7 35. h3 b5 36. Ne3 a5 37. Kg1 Bh4 0-1

[Event "ROM-chT (Women)"]
[Site "Mamaia"]
[Date "2012.09.27"]
[Round "5.3"]
[White "Padurariu, Ioana Smaranda"]
[Black "Firaru, Roxana Maria"]
[Result "1-0"]
[WhiteElo "2236"]
[BlackElo "1683"]
[PlyCount "151"]
[EventDate "2012.09.22"]
[EventType "team-tourn"]
[EventRounds "7"]
[EventCountry "ROU"]
[SourceTitle "CBM 150 Extra"]
[Source "ChessBase"]
[SourceDate "2012.10.19"]
[SourceVersion "1"]
[SourceVersionDate "2012.10.19"]
[SourceQuality "1"]
[WhiteTeam "Iasi Politehnica (W)"]
[BlackTeam "Arad (W)"]
[WhiteTeamCountry "ROU"]
[BlackTeamCountry "ROU"]

1. e4 e5 2. Nf3 Nc6 3. Bb5 a6 4. Ba4 Nf6 5. 0-0 Be7 6. Re1 b5 7. Bb3 d6 8. c3 0-0 9. h3 Na5 10. Bc2 c5 11. d3 Qc7 12. Nbd2 Be6 13. Nf1 Rac8 14. Ng5 h6 15. Nxe6 fxe6 16. Ng3 Nc6 17. a4 d5 18. exd5 exd5 19. Nf5 Kh7 20. axb5 axb5 21. d4 e4 22. Nxe7 Qxe7 23. dxc5 Qxc5 24. Be3 Qe7 25. b4 Qc7 26. Bc5 Rfe8 27. Ra6 Kh8 28. Qe2 Rb8 29. Rd1 Red8 30. Qe3 Qc8 31. Rda1 Nd7 32. Bd6 Rb7 33. Bb3 Ndb8 34. Bxb8 Rxb8 35. Qc5 Ne5 36. Qd4 Nc6 37. Qc5 Ne5 38. Qd4 Nc6 39. Qe3 Qb7 40. Qc5 Ne5 41. Ra7 Qb6 42. Qe7 Qf6 43. R1a6 Qxe7 44. Rxe7 Nd3 45. Raa7 Ra8 46. Rxa8 Rxa8 47. Bxd5 Ra1+ 48. Kh2 Nxf2 49. Bxe4 Nxe4 50. Rxe4 Rc1 51. Re3 Kg8 52. Kg3 Kf7 53. h4 Kf6 54. Kf4 Rc2 55. g3 Rc1 56. Ke4 Rd1 57. Rd3 Re1+ 58. Kd5 Re5+ 59. Kc6 g5 60. Rd6+ Kg7 61. Rd5 Re3 62. hxg5 Rxc3+ 63. Rc5 Rxg3 64. gxh6+ Kxh6 65. Kxb5 Rg8 66. Kc6 Kg6 67. Re5 Kf6 68. Re1 Rg2 69. b5 Rc2+ 70. Kb7 Kf7 71. b6 Rb2 72. Kc7 Rc2+ 73. Kb8 Kf8 74. b7 Kf7 75. Ra1 Re2 76. Ka8 1-0